Pub Quiz- for beginners - Statistics

General Stats
  • This quiz has been taken 146 times
  • The average score is 10 of 15
Answer Stats
Question Well done, correct answer! % Correct
How many colours are there on the Union Jack flag? 3
100%
What colour are cabs in New York? Yellow
99%
What is the biggest country in Europe? Russia
96%
What Continent will you find Madascagar? Africa
95%
What Country is 'UAE'? (Enter full name) United Arab Emirates
93%
What is the number for emergency services in the UK? 999
88%
Where was the car brand Hyundai originally made? Japan
88%
What was the name of 'Russia' just after WW11? Soviet Union
87%
What country in Asia wishes to join the EU? Turkey
66%
What female pop singer sang 'Holiday', released in 1983? Madonna
57%
Name the country that was hit by a massive tsumani on the 26th December 2004 ? Indonesia
56%
What breed of bird carries Dumbo to Mrs Jumbo? Stork
50%
What city holds Majorca's (Mallorca) airport? Palma
33%
Who sang, 'Don't worry, be happy?' Bobby McFerrin
12%
What was the most popular cosmetic operation worldwide in 2019? Breast Enlargement
6%
No matching quizzes found
Score Distribution
Percent of People with Each Score
Percentile by Number Answered
Your Score History
You have not taken this quiz